000 00534nmm a2200193 a 4500
003 AR-X00000XY
005 20251128212025.0
008 177020s1944 ||||||||||||||000 | spa||
040 _cAR-X00000XY
100 1 _aCarco, Francis
245 1 0 _aLa danse des morts
_bcomme l'a décrite Fraçois Villon
260 _aGenève
_bEditions du Milieu du Monde
_c1944
300 0 _a202 p.
_bil.
500 0 _aCon subrayado de Alejandra Pizarnik
500 0 _aEjemplar sin tapas
655 _aLITERATURA
942 _cBK
998 _cmartin
999 _c22123
_d22123